书目信息 |
| 题名: |
大学俄语《东方》
|
|
| 作者: | 叶菱 编著 | |
| 分册: | ||
| 出版信息: | 北京 外语教学与研究出版社 1994.05 |
|
| 页数: | 324页 | |
| 开本: | 32开 | |
| 丛书名: | ||
| 单 册: | ||
| 中图分类: | H35 | |
| 科图分类: | ||
| 主题词: | 俄语 | |
| 电子资源: | ||
| ISBN: | 7-5600-0671-X | |
| 000 | 00558nam0 2200193 45 | |
| 001 | 0103201138 | |
| 005 | 20010320111028.5 | |
| 010 | @a7-5600-0671-X@d12.90元 | |
| 100 | @a20010320d1994 km y0chiy0120 ea | |
| 101 | 0 | @achi |
| 105 | @a z 000yy | |
| 200 | 1 | @a大学俄语《东方》@ADa Xue E Yu《Dong Fang》@ADa Xue E Yu@f叶菱等编著@FYe Ling Deng Bian Zhu |
| 210 | @a北京@c外语教学与研究出版社@d1994.05 | |
| 215 | @a324页@d32开 | |
| 606 | 0 | @a俄语 |
| 690 | @aH35@v3 | |
| 701 | 0 | @a叶菱@4编著 |
| 801 | @aCN@bPftUser@c20010320 | |
| 905 | @b330821-823@dH35@eY.543@f3 | |
| 大学俄语《东方》/叶菱等编著.-北京:外语教学与研究出版社,1994.05 |
| 324页;32开 |
| ISBN 7-5600-0671-X:12.90元 |
| ● |
| 相关链接 |
|
|
|
正题名:大学俄语《东方》
索取号:H35/Y.543
 
预约/预借
| 序号 | 登录号 | 条形码 | 馆藏地/架位号 | 状态 | 备注 |
| 1 | 330821 | 203308214 | 语言库209/209语言库 121排2列2层/ [索取号:H35/Y.543] | 在馆 | |
| 2 | 330822 | 203308223 | 语言库209/209语言库 121排2列2层/ [索取号:H35/Y.543] | 在馆 | |
| 3 | 330823 | 203308232 | 语言库209/209语言库 121排2列2层/ [索取号:H35/Y.543] | 在馆 |